[Event "26th Hit Open-A 2022"]
[Site "Nova Gorica"]
[Date "2022.09.22"]
[Round "9.13"]
[White "Acimovic, Vasja"]
[Black "Lodici, Lorenzo"]
[Result "0-1"]
[WhiteElo "2237"]
[BlackElo "2559"]
[Annotator "TA"]
[PlyCount "118"]
[EventDate "2022.09.16"]
[EventType "swiss"]
[EventCountry "SLO"]
[SourceTitle "playchess.com"]
[Source "ChessBase"]
[SourceQuality "1"]

1. d4 Nf6 2. c4 e6 3. Nc3 Bb4 4. e3 O-O 5. Nge2 d5 6. a3 Be7 7. Nf4 b6 8. cxd5 exd5 9. Bd3 Re8 10. O-O c6 11. Qc2 Bd6 12. Bd2 Nbd7 13. f3 Nf8 14. Rad1 Bb7 15. Bc1 Rc8 16. b4 c5 17. Qb2 cxb4 18. axb4 a6 19. Bd2 Ne6 20. Nxe6 fxe6 21. f4 b5 22. h3 Qe7 23. Rb1 g6 24. Be1 Qg7 25. Ne2 Kh8 26. Nc1 g5 27. Qf2 gxf4 28. exf4 Rg8 29. Nb3 Bxf4 30. Rb2 Nh5 31. Qh4 Qg5 32. Rxf4 Qxf4 33. Qxh5 Qe3+ 34. Kh2 Qxd3 35. Qe5+ Rg7 36. Bh4 Kg8 37. Qxe6+ Rf7 38. Rf2 Qg6 39. Rf6 Qg7 40. Na5 Rcc7 41. Rf3 Bc8 42. Qxd5 Rcd7 43. Qe6 Rc7 44. Qb3 Qxd4 45. Nc6 Qd6+ 46. Rg3+ Kf8 47. Qb2 Rg7 48. Ne5 Bb7 49. Qf2+ Ke8 50. Qe3 Rxg3 51. Qxg3 Qe6 52. Ng4 Kd7 53. Qd3+ Qd6+ 54. Qxd6+ Kxd6 55. Bg3+ Kc6 56. Bxc7 Kxc7 57. Ne5 Kd6 58. Nd3 Kd5 59. Nc5 Bc8 0-1

[Event "26th Hit Open-A 2022"]
[Site "Nova Gorica"]
[Date "2022.09.22"]
[Round "9.14"]
[White "Ronka, Erik"]
[Black "Pavlovic, Milos"]
[Result "1-0"]
[WhiteElo "2248"]
[BlackElo "2468"]
[Annotator "TA"]
[PlyCount "83"]
[EventDate "2022.09.16"]
[EventType "swiss"]
[EventCountry "SLO"]
[SourceTitle "playchess.com"]
[Source "ChessBase"]
[SourceQuality "1"]

1. e4 e5 2. Nf3 Nc6 3. Bb5 a6 4. Ba4 Nf6 5. O-O Be7 6. Re1 b5 7. Bb3 d6 8. a4 Bg4 9. c3 Na5 10. Bc2 b4 11. d4 O-O 12. h3 Bxf3 13. Qxf3 c5 14. dxe5 dxe5 15. Nd2 Qc7 16. Nf1 b3 17. Bd1 Nd7 18. Ne3 Nb6 19. c4 Rab8 20. Nd5 Nxd5 21. exd5 f5 22. Qe2 e4 23. Bd2 Bf6 24. Rb1 Bd4 25. Kh1 Rbe8 26. g3 Nb7 27. Bxb3 Nd6 28. Bc2 Qd7 29. Kg2 Nf7 30. f4 exf3+ 31. Qxf3 Ne5 32. Qf1 h6 33. b4 g5 34. bxc5 f4 35. gxf4 gxf4 36. Kh1 Kh8 37. c6 Qd6 38. Re4 Be3 39. Bc3 Rg8 40. Qf3 Rg5 41. Rxe5 Rgxe5 42. Qe4 1-0

[Event "26th Hit Open-A 2022"]
[Site "Nova Gorica"]
[Date "2022.09.22"]
[Round "9.15"]
[White "Davies, Nigel R"]
[Black "Zamar Kodelja, Jurij"]
[Result "1/2-1/2"]
[WhiteElo "2420"]
[BlackElo "2241"]
[Annotator "TA"]
[PlyCount "79"]
[EventDate "2022.09.16"]
[EventType "swiss"]
[EventCountry "SLO"]
[SourceTitle "playchess.com"]
[Source "ChessBase"]
[SourceQuality "1"]

1. d4 Nf6 2. Nf3 g6 3. Bg5 Bg7 4. Nbd2 d6 5. c3 O-O 6. e3 c5 7. Bc4 Nc6 8. O-O cxd4 9. cxd4 h6 10. Bh4 Nh5 11. Rc1 g5 12. Ne1 gxh4 13. Qxh5 Qa5 14. Qxa5 Nxa5 15. Be2 Nc6 16. h3 e5 17. dxe5 dxe5 18. Nc4 Be6 19. Nd3 Rad8 20. Nc5 Bxc4 21. Bxc4 Na5 22. Nb3 Nxb3 23. Bxb3 Rd7 24. Rfd1 Rfd8 25. Rxd7 Rxd7 26. Rc8+ Bf8 27. Kf1 Kg7 28. Ke2 Bd6 29. Kf3 Rc7 30. Rd8 Be7 31. Rd5 Bf6 32. Ke4 Kg6 33. Rd6 Kg5 34. a4 b6 35. Bd5 Rc2 36. f4+ exf4 37. exf4+ Kg6 38. Rd7 Re2+ 39. Kf3 Re7 40. Rxe7 1/2-1/2

[Event "26th Hit Open-A 2022"]
[Site "Nova Gorica"]
[Date "2022.09.22"]
[Round "9.16"]
[White "Fercec, Nenad"]
[Black "Rozman, Monika"]
[Result "1-0"]
[WhiteElo "2403"]
[BlackElo "2111"]
[Annotator "TA"]
[PlyCount "69"]
[EventDate "2022.09.16"]
[EventType "swiss"]
[EventCountry "SLO"]
[SourceTitle "playchess.com"]
[Source "ChessBase"]
[SourceQuality "1"]

1. e4 e5 2. Nf3 Nc6 3. d4 exd4 4. Nxd4 Bc5 5. Nb3 Bb6 6. Nc3 Nf6 7. Qe2 O-O 8. Be3 a5 9. Bxb6 cxb6 10. O-O-O a4 11. Nd4 d5 12. Ndb5 Re8 13. f3 a3 14. b3 Nb4 15. Qd2 Bd7 16. exd5 Ra5 17. Qd4 Bxb5 18. Qxb4 Bxf1 19. Rhxf1 Nxd5 20. Qc4 Qg5+ 21. f4 Qxg2 22. Rxd5 Rxd5 23. Nxd5 h6 24. Rd1 Qxh2 25. Nxb6 Qf2 26. Qd4 Qh4 27. Nc4 Re1 28. Nxa3 g5 29. Rxe1 Qxe1+ 30. Kb2 g4 31. Nc4 b5 32. Ne3 Qf2 33. Qe5 Kf8 34. Nf5 Qb6 35. Qh8# 1-0

[Event "26th Hit Open-A 2022"]
[Site "Nova Gorica"]
[Date "2022.09.22"]
[Round "9.17"]
[White "Nyysti, Sampsa"]
[Black "Chkhaidze, Nikoloz"]
[Result "0-1"]
[WhiteElo "2363"]
[BlackElo "2239"]
[Annotator "TA"]
[PlyCount "88"]
[EventDate "2022.09.16"]
[EventType "swiss"]
[EventCountry "SLO"]
[SourceTitle "playchess.com"]
[Source "ChessBase"]
[SourceQuality "1"]

1. e4 e6 2. d4 d5 3. Nc3 Nf6 4. e5 Nfd7 5. f4 c5 6. Nf3 Nc6 7. Be3 Be7 8. Qd2 a6 9. Be2 b5 10. a3 O-O 11. O-O Bb7 12. Kh1 Qc7 13. Rad1 Rac8 14. Qe1 cxd4 15. Nxd4 Nc5 16. b4 Nxd4 17. Bxd4 Ne4 18. Rf3 f5 19. exf6 Bxf6 20. Nxe4 dxe4 21. Rc3 Qxf4 22. Bxf6 Qxf6 23. Rxc8 Rxc8 24. Qg3 Bd5 25. Rf1 Qc3 26. Qf2 h6 27. Qf7+ Kh8 28. Bh5 Qc7 29. Qg6 e3 30. Be2 Bc4 31. Bxc4 Qxc4 32. Re1 e2 33. Qd3 Qxc2 34. Qd4 Qc4 35. Qf2 Rd8 36. Rxe2 Rd1+ 37. Re1 Qc1 38. Rg1 Kg8 39. Rxd1 Qxd1+ 40. Qg1 Qxg1+ 41. Kxg1 Kf7 42. Kf2 Kf6 43. Kf3 Ke5 44. Ke3 Kd5 0-1

[Event "26th Hit Open-A 2022"]
[Site "Nova Gorica"]
[Date "2022.09.22"]
[Round "9.18"]
[White "Brilej, Jaka"]
[Black "Devnani Kush"]
[Result "1/2-1/2"]
[WhiteElo "2329"]
[BlackElo "2095"]
[Annotator "TA"]
[PlyCount "114"]
[EventDate "2022.09.16"]
[EventType "swiss"]
[EventCountry "SLO"]
[SourceTitle "playchess.com"]
[Source "ChessBase"]
[SourceQuality "1"]

1. e4 c5 2. f4 d5 3. Bb5+ Bd7 4. Bxd7+ Qxd7 5. d3 e6 6. Nf3 Nc6 7. Qe2 dxe4 8. dxe4 Nd4 9. Nxd4 cxd4 10. O-O Bc5 11. Qd3 Ne7 12. Nd2 O-O 13. a3 Rac8 14. b4 Bb6 15. Nc4 Qc6 16. Nxb6 Qxb6 17. Bb2 Rfd8 18. Rad1 Rc3 19. Qd2 d3+ 20. Qf2 Rxc2 21. Qxb6 axb6 22. Be5 f6 23. Ba1 d2 24. Kf2 Rd3 25. Ke2 Rxa3 26. Rxd2 Rxd2+ 27. Kxd2 b5 28. Rc1 Nc6 29. Bc3 Ra4 30. Ke3 Kf7 31. Bd2 Nxb4 32. Rc7+ Kg6 33. Rxb7 Ra3+ 34. Ke2 Nc2 35. f5+ exf5 36. exf5+ Kxf5 37. Rxb5+ Kg6 38. Rd5 Ra4 39. Kd3 Nb4+ 40. Bxb4 Rxb4 41. Ke3 Rb2 42. Kf3 h5 43. h4 Rb4 44. g3 Rb3+ 45. Kg2 Kh6 46. Ra5 Rb6 47. Kh3 g5 48. hxg5+ fxg5 49. Rc5 Kg6 50. Ra5 Re6 51. Ra8 Re2 52. Ra6+ Kf5 53. Ra5+ Re5 54. Ra4 Re4 55. Ra5+ Re5 56. Ra4 Re4 57. Ra5+ Re5 1/2-1/2

[Event "26th Hit Open-A 2022"]
[Site "Nova Gorica"]
[Date "2022.09.22"]
[Round "9.19"]
[White "Stevanic, David"]
[Black "Bauer, Thomas"]
[Result "1-0"]
[WhiteElo "2261"]
[BlackElo "2200"]
[Annotator "TA"]
[PlyCount "91"]
[EventDate "2022.09.16"]
[EventType "swiss"]
[EventCountry "SLO"]
[SourceTitle "playchess.com"]
[Source "ChessBase"]
[SourceQuality "1"]

1. e4 c5 2. c3 Nf6 3. e5 Nd5 4. d4 cxd4 5. Nf3 e6 6. cxd4 d6 7. Bc4 Be7 8. O-O O-O 9. Qe2 b6 10. Rd1 Bb7 11. Bxd5 exd5 12. Nc3 Na6 13. Bf4 Nc7 14. Rac1 Re8 15. Qc2 Ne6 16. Be3 Rc8 17. Qb3 dxe5 18. dxe5 Nc5 19. Qc2 Qd7 20. b4 Ne6 21. Qb3 d4 22. Nxd4 Nxd4 23. Rxd4 Qf5 24. f4 Bxg2 25. Ne2 Bf3 26. Ng3 Qh3 27. Qb2 Rxc1+ 28. Bxc1 a5 29. a3 b5 30. Qf2 Bb7 31. Qf1 Qc8 32. Be3 axb4 33. axb4 Qc6 34. f5 Bd8 35. Rd6 Qc3 36. Bd4 Qxb4 37. Qd1 Ba5 38. f6 gxf6 39. Nh5 Kh8 40. Nxf6 Rc8 41. e6 Rc1 42. Qxc1 Qxd6 43. Nd5+ Kg8 44. Qg5+ Kf8 45. e7+ Ke8 46. Qg8+ 1-0

[Event "26th Hit Open-A 2022"]
[Site "Nova Gorica"]
[Date "2022.09.22"]
[Round "9.20"]
[White "Krivenko, Dion"]
[Black "Rakesh Kumar Jena"]
[Result "1/2-1/2"]
[WhiteElo "2113"]
[BlackElo "2321"]
[Annotator "TA"]
[PlyCount "51"]
[EventDate "2022.09.16"]
[EventType "swiss"]
[EventCountry "SLO"]
[SourceTitle "playchess.com"]
[Source "ChessBase"]
[SourceQuality "1"]

1. e4 c5 2. Nf3 Nc6 3. Bb5 g6 4. c3 Bg7 5. d4 cxd4 6. cxd4 Nf6 7. Nc3 d5 8. Ne5 Bd7 9. Nxd7 Qxd7 10. e5 Ne4 11. Ne2 f6 12. f3 Ng5 13. Bxg5 fxg5 14. O-O O-O 15. Rc1 g4 16. f4 Bh6 17. Rc3 Rac8 18. g3 a6 19. Bd3 e6 20. Bb1 Ne7 21. Qd2 Rxc3 22. Nxc3 Nf5 23. Ne2 Qd8 24. Bxf5 Rxf5 25. Qb4 Rf7 26. Kg2 1/2-1/2

[Event "26th Hit Open-A 2022"]
[Site "Nova Gorica"]
[Date "2022.09.22"]
[Round "9.21"]
[White "Goroshkov, Maksym"]
[Black "Centrih, Aleks"]
[Result "1/2-1/2"]
[WhiteElo "2315"]
[BlackElo "2095"]
[Annotator "TA"]
[PlyCount "48"]
[EventDate "2022.09.16"]
[EventType "swiss"]
[EventCountry "SLO"]
[SourceTitle "playchess.com"]
[Source "ChessBase"]
[SourceQuality "1"]

1. c4 e5 2. Nc3 Bb4 3. g3 Bxc3 4. bxc3 Nc6 5. Bg2 d6 6. d4 Nge7 7. e3 O-O 8. Ne2 Rb8 9. Qa4 Bd7 10. Qa3 b6 11. c5 dxc5 12. dxc5 Na5 13. cxb6 cxb6 14. O-O Bc6 15. e4 Re8 16. Bg5 h6 17. Rad1 Qc7 18. Bxe7 Qxe7 19. Qb4 Qc7 20. f4 Bb7 21. fxe5 Ba6 22. Rf2 Bxe2 23. Rxe2 Rxe5 24. Red2 Qc5+ 1/2-1/2

[Event "26th Hit Open-A 2022"]
[Site "Nova Gorica"]
[Date "2022.09.22"]
[Round "9.22"]
[White "Guid, Matej"]
[Black "Callsen, Niklas"]
[Result "0-1"]
[WhiteElo "2292"]
[BlackElo "2079"]
[Annotator "TA"]
[PlyCount "76"]
[EventDate "2022.09.16"]
[EventType "swiss"]
[EventCountry "SLO"]
[SourceTitle "playchess.com"]
[Source "ChessBase"]
[SourceQuality "1"]

1. e4 c5 2. Nc3 a6 3. Nge2 d6 4. g3 e5 5. Bg2 g6 6. O-O Bg7 7. f4 Ne7 8. h3 exf4 9. Nxf4 O-O 10. b3 b5 11. Bb2 Bb7 12. Rb1 Nd7 13. Kh2 Qc7 14. Nce2 Bxb2 15. Rxb2 Nf6 16. Nc3 b4 17. Ncd5 Nfxd5 18. exd5 Nf5 19. Be4 Nd4 20. c3 Rae8 21. Bd3 Nb5 22. Rc2 Qd8 23. Bxb5 axb5 24. d4 Re3 25. dxc5 bxc3 26. c6 Ba6 27. b4 Qg5 28. Rf3 Rfe8 29. Rxc3 Re1 30. Qc2 Bc8 31. Rf2 R8e4 32. Rcf3 Rc4 33. Qd3 Bf5 34. Qa3 Rcc1 35. Re3 Rh1+ 36. Kg2 Rcg1+ 37. Kf3 Qxg3+ 38. Ke2 Re1+ 0-1

[Event "26th Hit Open-A 2022"]
[Site "Nova Gorica"]
[Date "2022.09.22"]
[Round "9.23"]
[White "Thuesen, Mogens"]
[Black "Debevec, Blaz"]
[Result "1-0"]
[WhiteElo "2242"]
[BlackElo "2056"]
[Annotator "TA"]
[PlyCount "77"]
[EventDate "2022.09.16"]
[EventType "swiss"]
[EventCountry "SLO"]
[SourceTitle "playchess.com"]
[Source "ChessBase"]
[SourceQuality "1"]

1. e4 e5 2. Nf3 Nc6 3. Bb5 f5 4. Nc3 fxe4 5. Nxe4 Nf6 6. Qe2 d5 7. Nxf6+ gxf6 8. d4 Bg7 9. c4 O-O 10. cxd5 Nxd4 11. Nxd4 exd4 12. O-O Kh8 13. Qh5 f5 14. Bh6 Qxd5 15. Bxg7+ Kxg7 16. Rfe1 Be6 17. Rac1 Qd6 18. h4 c6 19. Qg5+ Kh8 20. Qh6 cxb5 21. Rxe6 Qd7 22. Rce1 Qg7 23. Qf4 Rad8 24. Re7 Rf7 25. Qc7 Rdf8 26. Qd6 Rg8 27. g3 Rgf8 28. h5 h6 29. R1e6 Rxe7 30. Rxe7 Rf7 31. Re6 Kh7 32. Rg6 Qf8 33. Qxd4 f4 34. Qe4 Kh8 35. Qe6 Kh7 36. Rxh6+ Qxh6 37. Qxf7+ Kh8 38. Qxf4 Qxh5 39. Qh4 1-0

[Event "26th Hit Open-A 2022"]
[Site "Nova Gorica"]
[Date "2022.09.22"]
[Round "9.24"]
[White "Mihelic, Vesna"]
[Black "Garsky, Vladyslav"]
[Result "1/2-1/2"]
[WhiteElo "2031"]
[BlackElo "2229"]
[Annotator "TA"]
[PlyCount "84"]
[EventDate "2022.09.16"]
[EventType "swiss"]
[EventCountry "SLO"]
[SourceTitle "playchess.com"]
[Source "ChessBase"]
[SourceQuality "1"]

1. e4 e5 2. Nf3 Nc6 3. Bc4 Nf6 4. d3 h6 5. Nc3 d6 6. a3 g6 7. O-O Bg7 8. h3 a5 9. d4 Qe7 10. Nd5 Nxd5 11. exd5 Nb8 12. dxe5 dxe5 13. Re1 Nd7 14. Bf4 O-O 15. Bb5 f6 16. c4 Nc5 17. Be3 Rd8 18. Qe2 a4 19. Rad1 Kh7 20. Qd2 Qd6 21. Qb4 Bf8 22. Bxc5 Qxc5 23. Qxc5 Bxc5 24. Nd2 Kg7 25. Ne4 Bd4 26. Nc3 Bf5 27. Kf1 Rd6 28. f4 c6 29. c5 Bxc5 30. dxc6 bxc6 31. Rxd6 Bxd6 32. Bxc6 Rc8 33. Bxa4 Bxa3 34. bxa3 Rxc3 35. fxe5 fxe5 36. Rxe5 Rxa3 37. Bc6 h5 38. Kf2 Kf6 39. Re3 Ra5 40. Be4 Ra2+ 41. Kg3 h4+ 42. Kf3 Bd7 1/2-1/2

[Event "26th Hit Open-A 2022"]
[Site "Nova Gorica"]
[Date "2022.09.22"]
[Round "9.25"]
[White "Hercog, Nusa"]
[Black "Zubova, Mariya"]
[Result "0-1"]
[WhiteElo "2019"]
[BlackElo "2214"]
[Annotator "TA"]
[PlyCount "140"]
[EventDate "2022.09.16"]
[EventType "swiss"]
[EventCountry "SLO"]
[SourceTitle "playchess.com"]
[Source "ChessBase"]
[SourceQuality "1"]

1. d4 Nf6 2. c4 e6 3. Nf3 Bb4+ 4. Nc3 Ne4 5. Qc2 f5 6. Nd2 Bxc3 7. bxc3 Nxd2 8. Bxd2 b6 9. e4 Qf6 10. Bd3 Bb7 11. O-O O-O 12. f4 Nc6 13. Be3 Na5 14. d5 Rae8 15. Bd4 Qf7 16. Rae1 g6 17. dxe6 dxe6 18. c5 Rd8 19. Rf3 Nc6 20. Bf2 Rd7 21. Rg3 Kh8 22. exf5 exf5 23. Qa4 Na5 24. Bd4+ Kg8 25. Re5 Rd5 26. Rge3 Rxe5 27. Rxe5 Bc6 28. Bb5 Qd7 29. Bxc6 Qxc6 30. Qb4 Re8 31. Rxe8+ Qxe8 32. Be5 Qd7 33. Bd4 Qe6 34. Be5 Nc6 35. Qb5 Nxe5 36. Qe2 Nf3+ 37. Qxf3 Qe1+ 38. Qf1 Qxc3 39. cxb6 axb6 40. h3 Qd4+ 41. Kh1 c5 42. Qb1 c4 43. Qb5 Kg7 44. Qb4 Qc5 45. Qc3+ Kg8 46. a4 Qd5 47. Qb4 Qc6 48. a5 bxa5 49. Qxa5 c3 50. Qd8+ Kf7 51. Qh8 Qf6 52. Qc8 Kg7 53. Qc7+ Kh6 54. Qc5 Qa6 55. Qxc3 Qf1+ 56. Kh2 Qxf4+ 57. Kh1 Kh5 58. Qg7 h6 59. Qe7 Qf1+ 60. Kh2 f4 61. Qe5+ g5 62. Qf5 Qe2 63. Qf6 Qe3 64. Qf5 Qg3+ 65. Kh1 Kh4 66. Qf6 h5 67. Qd4 Qe3 68. Qf6 f3 69. gxf3 Kxh3 70. Qf5+ Kg3 0-1

[Event "26th Hit Open-A 2022"]
[Site "Nova Gorica"]
[Date "2022.09.22"]
[Round "9.27"]
[White "Gregoric, Andraz"]
[Black "Walker, Samuel A"]
[Result "1-0"]
[WhiteElo "2182"]
[BlackElo "2028"]
[Annotator "TA"]
[PlyCount "83"]
[EventDate "2022.09.16"]
[EventType "swiss"]
[EventCountry "SLO"]
[SourceTitle "playchess.com"]
[Source "ChessBase"]
[SourceQuality "1"]

1. e4 c5 2. Nf3 Nc6 3. Bb5 g6 4. Bxc6 dxc6 5. d3 Bg7 6. h3 Qc7 7. a4 a5 8. O-O e5 9. Na3 Ne7 10. Be3 b6 11. Qd2 h6 12. Nc4 Be6 13. Qc3 f6 14. Qa3 f5 15. exf5 gxf5 16. Rfe1 Bxc4 17. dxc4 e4 18. Nh2 Be5 19. Nf1 Rg8 20. Bxh6 Rg6 21. Qe3 O-O-O 22. h4 Rdg8 23. Bg5 Rxg5 24. hxg5 Rh8 25. g3 Ng6 26. c3 Qh7 27. f4 Qh1+ 28. Kf2 Bd4 29. cxd4 cxd4 30. Qb3 Nxf4 31. gxf4 Rh3 32. Qxh3 Qxh3 33. Ra3 d3 34. Re3 Qh4+ 35. Kg1 Qxf4 36. g6 Qe5 37. Raxd3 f4 38. Rg3 Qg7 39. Rc3 Kd7 40. Rg4 Ke6 41. Rxf4 Ke5 42. Rg4 1-0

[Event "26th Hit Open-A 2022"]
[Site "Nova Gorica"]
[Date "2022.09.22"]
[Round "9.28"]
[White "Budai, Leonardo"]
[Black "Herega, Nejc"]
[Result "0-1"]
[WhiteElo "1676"]
[BlackElo "2146"]
[Annotator "TA"]
[PlyCount "72"]
[EventDate "2022.09.16"]
[EventType "swiss"]
[EventCountry "SLO"]
[SourceTitle "playchess.com"]
[Source "ChessBase"]
[SourceQuality "1"]

1. e4 c5 2. Nf3 d6 3. d4 cxd4 4. Nxd4 Nf6 5. Nc3 a6 6. Be2 e5 7. Nb3 Be7 8. Be3 Be6 9. O-O O-O 10. a4 Nbd7 11. a5 Qc7 12. f3 Rac8 13. Qd2 Rfd8 14. Bd3 d5 15. exd5 Nxd5 16. Nxd5 Bxd5 17. Qf2 Qc6 18. Bf5 g6 19. Bd3 Qe6 20. Nd2 f5 21. c4 Bc6 22. g3 Nc5 23. Bc2 Nd3 24. Bxd3 Rxd3 25. Bb6 Bb4 26. Rfd1 Qd6 27. Be3 Rd8 28. Kg2 Bxd2 29. Rxd2 Rxd2 30. Bxd2 Qxd2 31. Rf1 e4 32. fxe4 Bxe4+ 33. Kg1 Qxf2+ 34. Rxf2 Rd1+ 35. Rf1 Rxf1+ 36. Kxf1 Bd3+ 0-1

[Event "26th Hit Open-A 2022"]
[Site "Nova Gorica"]
[Date "2022.09.22"]
[Round "9.29"]
[White "Zlatanovic, Marcus"]
[Black "Acimovic, Sergej"]
[Result "0-1"]
[WhiteElo "1636"]
[BlackElo "2114"]
[Annotator "TA"]
[PlyCount "96"]
[EventDate "2022.09.16"]
[EventType "swiss"]
[EventCountry "SLO"]
[SourceTitle "playchess.com"]
[Source "ChessBase"]
[SourceQuality "1"]

1. e4 e5 2. Nf3 Nc6 3. Bb5 a6 4. Ba4 Nf6 5. O-O b5 6. Bb3 Be7 7. d3 O-O 8. Nc3 d6 9. h3 Na5 10. Re1 Bb7 11. Ne2 c5 12. a3 Nxb3 13. cxb3 Re8 14. Ng3 g6 15. Bg5 Nd5 16. Bxe7 Nxe7 17. Qd2 Nc6 18. Rac1 Qe7 19. Nf1 Qe6 20. Ne3 Nd4 21. Nxd4 exd4 22. Ng4 h5 23. Nh6+ Kh7 24. g4 Rh8 25. Kg2 Kg7 26. g5 Qxb3 27. f4 Qe6 28. Rf1 f5 29. Rce1 fxe4 30. dxe4 Bxe4+ 31. Kh2 d5 32. f5 Qe5+ 33. Rf4 Rhf8 34. f6+ Kh7 35. h4 c4 36. Kg1 Rac8 37. Qf2 c3 38. bxc3 dxc3 39. Rexe4 dxe4 40. Rxe4 Qc5 41. Qxc5 Rxc5 42. Re7+ Kh8 43. Nf7+ Rxf7 44. Rxf7 c2 45. Rf8+ Kh7 46. Rf7+ Kg8 47. Rg7+ Kf8 48. Rxg6 c1=Q+ 0-1

[Event "26th Hit Open-A 2022"]
[Site "Nova Gorica"]
[Date "2022.09.22"]
[Round "9.30"]
[White "Cirkvencic, Franci"]
[Black "Leitner, Gerald"]
[Result "0-1"]
[WhiteElo "1987"]
[BlackElo "2181"]
[Annotator "TA"]
[PlyCount "98"]
[EventDate "2022.09.16"]
[EventType "swiss"]
[EventCountry "SLO"]
[SourceTitle "playchess.com"]
[Source "ChessBase"]
[SourceQuality "1"]

1. d4 d5 2. Nf3 c6 3. c4 Nf6 4. Nc3 a6 5. cxd5 cxd5 6. Bf4 Nc6 7. e3 g6 8. Bd3 Bg7 9. h3 O-O 10. O-O b5 11. Rc1 Bb7 12. Ne5 Rc8 13. g4 Na5 14. b3 Ne4 15. Ne2 f6 16. Nf3 Nc6 17. Nd2 Nxd2 18. Qxd2 e5 19. Bg3 e4 20. Bb1 Qd7 21. Rc5 Rfd8 22. Nf4 Qf7 23. f3 Bf8 24. Rcc1 Ba3 25. Rc2 Ne7 26. Qa5 Bd6 27. Qb6 Nc6 28. Rfc1 Ba3 29. Rf1 exf3 30. Rxf3 Bb4 31. Nd3 Ba5 32. Qc5 Nb4 33. Nxb4 Rxc5 34. dxc5 Bxb4 35. c6 Bc8 36. c7 Re8 37. Rc6 Re6 38. Rc2 Bd6 39. Bh4 Qe7 40. Rcf2 g5 41. Bf5 gxh4 42. Bxe6+ Bxe6 43. Rxf6 Bxc7 44. g5 Bb6 45. R2f3 d4 46. g6 dxe3 47. Rf8+ Qxf8 48. gxh7+ Kxh7 49. Rxf8 e2+ 0-1

[Event "26th Hit Open-A 2022"]
[Site "Nova Gorica"]
[Date "2022.09.22"]
[Round "9.31"]
[White "Schloffer, Jasmin-Denise"]
[Black "Goroshkova, Liudmila"]
[Result "1/2-1/2"]
[WhiteElo "2127"]
[BlackElo "1961"]
[Annotator "TA"]
[PlyCount "67"]
[EventDate "2022.09.16"]
[EventType "swiss"]
[EventCountry "SLO"]
[SourceTitle "playchess.com"]
[Source "ChessBase"]
[SourceQuality "1"]

1. d4 f5 2. g3 Nf6 3. Bg2 c6 4. Nf3 d6 5. c4 e6 6. O-O Be7 7. Nc3 O-O 8. Rb1 Qc7 9. b4 e5 10. dxe5 dxe5 11. Qb3 Kh8 12. c5 Bd8 13. Rd1 Qe7 14. Ng5 Bc7 15. Bb2 Nd5 16. Bxd5 Qxg5 17. Bg2 Qg6 18. b5 Be6 19. Qa4 e4 20. bxc6 bxc6 21. e3 Qf7 22. Rd2 Nd7 23. Ne2 Nxc5 24. Qc2 Nd3 25. Ba3 c5 26. Bxc5 Rfc8 27. Rxd3 exd3 28. Qxd3 Rab8 29. Rxb8 Bxb8 30. Ba3 Bxa2 31. Nd4 Bc4 32. Qb1 Be5 33. Nc6 Rxc6 34. Bxc6 1/2-1/2

[Event "26th Hit Open-A 2022"]
[Site "Nova Gorica"]
[Date "2022.09.22"]
[Round "9.32"]
[White "Verbin, Valentina"]
[Black "Bajec, Borut"]
[Result "1-0"]
[WhiteElo "2049"]
[BlackElo "1732"]
[Annotator "TA"]
[PlyCount "63"]
[EventDate "2022.09.16"]
[EventType "swiss"]
[EventCountry "SLO"]
[SourceTitle "playchess.com"]
[Source "ChessBase"]
[SourceQuality "1"]

1. e4 c5 2. Nf3 Nc6 3. Bb5 d6 4. O-O Bd7 5. c3 a6 6. Ba4 e6 7. d4 b5 8. Bc2 Nf6 9. Re1 Be7 10. d5 Ne5 11. Nxe5 dxe5 12. d6 Bf8 13. f4 exf4 14. e5 Nd5 15. Be4 Bc6 16. c4 Nb4 17. Bxf4 Bxe4 18. Rxe4 g6 19. Nc3 Rb8 20. Be3 bxc4 21. Rxc4 Nc6 22. Rxc5 Qd7 23. Qa4 Rc8 24. Ne4 Bg7 25. Rac1 O-O 26. Rxc6 Bxe5 27. Qxa6 Ra8 28. Qc4 Qb7 29. Bd4 Bg7 30. Bxg7 Kxg7 31. Qd4+ Kh6 32. R1c3 1-0

[Event "26th Hit Open-A 2022"]
[Site "Nova Gorica"]
[Date "2022.09.22"]
[Round "9.33"]
[White "Charaus, Florian"]
[Black "Oestmann, Lukas"]
[Result "0-1"]
[WhiteElo "1993"]
[BlackElo "1620"]
[Annotator "TA"]
[PlyCount "104"]
[EventDate "2022.09.16"]
[EventType "swiss"]
[EventCountry "SLO"]
[SourceTitle "playchess.com"]
[Source "ChessBase"]
[SourceQuality "1"]

1. d4 Nf6 2. g3 c5 3. c3 e6 4. Bg2 d5 5. Nf3 Nc6 6. O-O Be7 7. dxc5 a5 8. Nbd2 e5 9. Qc2 Bxc5 10. e4 d4 11. cxd4 Bxd4 12. Nxd4 Nxd4 13. Qc5 Qe7 14. Qxe7+ Kxe7 15. Nc4 Be6 16. Nb6 Ra6 17. Nd5+ Bxd5 18. exd5 Kd6 19. Be3 Nc2 20. Rac1 Nxe3 21. fxe3 Re8 22. Rc4 Rb6 23. b3 Rb4 24. Rfc1 Rxc4 25. bxc4 b6 26. Rb1 Rb8 27. Rb5 Nd7 28. Bh3 Nc5 29. Bf5 Kc7 30. Kg2 g6 31. Bc2 f6 32. h4 Nb7 33. h5 Nd6 34. Rb3 f5 35. hxg6 hxg6 36. Rc3 Nb7 37. g4 fxg4 38. Kg3 Kd6 39. Kxg4 Kc5 40. a3 Nd6 41. Bd3 e4 42. Be2 Rf8 43. Kg5 Rf2 44. Rc2 Nf5 45. Rd2 Rg2+ 46. Kf4 Nd6 47. Rc2 g5+ 48. Ke5 Rf2 49. Bd1 Rxc2 50. Bxc2 g4 51. Bxe4 Nxc4+ 52. Ke6 b5 0-1

[Event "26th Hit Open-A 2022"]
[Site "Nova Gorica"]
[Date "2022.09.22"]
[Round "9.34"]
[White "Pirs, Matjaz"]
[Black "Vah, Denis"]
[Result "1/2-1/2"]
[WhiteElo "2203"]
[BlackElo "1988"]
[Annotator "TA"]
[PlyCount "130"]
[EventDate "2022.09.16"]
[EventType "swiss"]
[EventCountry "SLO"]
[SourceTitle "playchess.com"]
[Source "ChessBase"]
[SourceQuality "1"]

1. e4 e6 2. d4 d5 3. Nc3 Nf6 4. e5 Nfd7 5. f4 c5 6. Nf3 Nc6 7. Be3 Rb8 8. Qd2 Qa5 9. dxc5 Nxc5 10. Nd4 Nxd4 11. Bxd4 Bd7 12. Be2 b5 13. Nd1 b4 14. Nf2 Bb5 15. O-O Bxe2 16. Qxe2 Qb5 17. Qe3 Be7 18. Nd3 Rc8 19. f5 exf5 20. Rxf5 Ne6 21. c3 bxc3 22. bxc3 O-O 23. a4 Qb3 24. Rff1 Bg5 25. Qg3 a5 26. Rfd1 Bh6 27. Qf2 Nxd4 28. cxd4 Rc2 29. Qf3 Qc3 30. Kh1 Qxd4 31. Ne1 Rd2 32. Rxd2 Qxa1 33. Rd1 Qxa4 34. Qxd5 g6 35. Nf3 Re8 36. Rd4 Qa1+ 37. Rd1 Qc3 38. Rd3 Qc7 39. h3 Bf4 40. Rd1 Kg7 41. Re1 Bg3 42. Ra1 Bxe5 43. Qxa5 Qxa5 44. Rxa5 Bf6 45. Kg1 Re2 46. Rb5 Ra2 47. Kh2 Be7 48. Rb6 Bc5 49. Rb1 Bd6+ 50. Kg1 Bg3 51. Rd1 h6 52. Nh2 g5 53. Nf1 Bf2+ 54. Kh2 h5 55. Rd2 Rxd2 56. Nxd2 h4 57. Ne4 Be3 58. g4 f6 59. Kg2 Kf7 60. Kf3 Ba7 61. Nd6+ Ke6 62. Nf5 Bc5 63. Ng7+ Ke5 64. Nf5 Bf8 65. Ne3 Be7 1/2-1/2

[Event "26th Hit Open-A 2022"]
[Site "Nova Gorica"]
[Date "2022.09.22"]
[Round "9.36"]
[White "Both, Aaron"]
[Black "Gamal, Alaa"]
[Result "0-1"]
[WhiteElo "1963"]
[BlackElo "1693"]
[Annotator "TA"]
[PlyCount "42"]
[EventDate "2022.09.16"]
[EventType "swiss"]
[EventCountry "SLO"]
[SourceTitle "playchess.com"]
[Source "ChessBase"]
[SourceQuality "1"]

1. e4 d5 2. Nc3 d4 3. Nce2 c5 4. Ng3 Nc6 5. Nf3 Bg4 6. h3 Bxf3 7. Qxf3 a6 8. a4 g6 9. Qd1 h5 10. Bc4 h4 11. Ne2 Ne5 12. Bd5 e6 13. Ba2 d3 14. cxd3 Nxd3+ 15. Kf1 Nf6 16. Nc3 Qd4 17. Qf3 Bg7 18. Qe3 Rd8 19. f3 Nxc1 20. Rxc1 Qxd2 21. Nd5 Rxd5 0-1